Cultura general #28 - Estadísticas

Estadísticas generales
  • Esta prueba ha sido intentada 221 veces
  • La puntuación promedio es 12 de 20
Estadísticas de respuestas
Pregunta Respuesta % Correcto
¿Qué significa la palabra "beach" en inglés? Playa
96%
¿Los vampiros tienen una intolerancia a qué hortaliza? Ajo
94%
¿Cuál es el tubérculo más consumido en el mundo? Papa
89%
Las venas devuelven sangre al corazón. ¿Qué lleva sangre desde el corazón? Arterias
84%
¿Qué reina española fue "loca"? Juana I
83%
¿Qué animal rebuzna? Burro
78%
¿Qué partido político lideró Felipe González? PSOE
77%
¿Qué ave no puede volar pero es símbolo nacional de Nueva Zelanda? Kiwi
74%
¿De qué dios romano proviene el nombre del día de miércoles? Mercurio
71%
¿Quién hizo Pinocho? Geppetto
67%
¿Qué palabra falta? Cada mochuelo a su ____. Olivo
67%
¿Qué ciudad se construyó sobre Tenochtitlan? Ciudad de México
65%
¿Qué consiguió Juan Sebastián Elcano convertirse en el primero en completar? Circunnavegación de la Tierra
57%
¿Qué fue la señal de la fuerza de Sansón en la Biblia? Su cabello
57%
¿En qué país originó el pueblo gitano? India
51%
¿Qué tipo de bandera indica el fin de una carrera de autos? Bandera a cuadros
45%
¿Quién inventó la dinamita? Alfred Nobel
41%
¿Qué actriz infantil española se hizo famosa con el papel de Marisol? Pepa Flores
20%
¿Cuál es el nombre común de la "conjuntivitis"? Ojo rojo
14%
¿Quién fue el primer latinoamericano en ganar un Premio Nobel de Literatura? Gabriela Mistral
10%
No se encontraron pruebas coincidentes
Distribución de puntuación
Porcentaje de gente con cada puntuación
Porcentaje por número respondido
Historial de tus puntuaciones
No has intentado esta prueba.